Ментальная карта как инновационный метод в корпоративном обучении; Инновации в образовании; № 6

Մատենագիտական մանրամասներ
Parent link:Инновации в образовании.— , 2000-
№ 6.— 2013.— [С. 101-107]
Հիմնական հեղինակ: Леонтьева Е. Г. Елена Геннадьевна
Համատեղ հեղինակ: Национальный исследовательский Томский политехнический университет (ТПУ) Институт социально-гуманитарных технологий (ИСГТ) Кафедра инженерного предпринимательства (ИП)
Այլ հեղինակներ: Тимкина К. В.
Ամփոփում:Заглавие с экрана
В статье рассматривается технология ментальных карт как инновационный метод в обучении сотрудников компании. Авторы предлагают использовать данный метод для совершенствования компетенции анализа и систематизации знаний всех категорий работников предприятия.
Режим доступа: по договору с организацией-держателем ресурса
Լեզու:ռուսերեն
Հրապարակվել է: 2013
Խորագրեր:
Առցանց հասանելիություն:http://elibrary.ru/item.asp?id=19039850
Ձևաչափ: MixedMaterials Էլեկտրոնային Գրքի գլուխ
KOHA link:https://koha.lib.tpu.ru/cgi-bin/koha/opac-detail.pl?biblionumber=638915

MARC

LEADER 00000naa0a2200000 4500
001 638915
005 20250210162517.0
035 |a (RuTPU)RU\TPU\network\3312 
090 |a 638915 
100 |a 20150217d2013 k||y0rusy50 ca 
101 0 |a rus 
102 |a RU 
135 |a drcn ---uucaa 
181 0 |a i  
182 0 |a b 
200 1 |a Ментальная карта как инновационный метод в корпоративном обучении  |f Е. Г. Леонтьева, К. В. Тимкина 
203 |a Текст  |c электронный 
300 |a Заглавие с экрана 
320 |a [Библиогр.: с. 107 (4 назв.)] 
330 |a В статье рассматривается технология ментальных карт как инновационный метод в обучении сотрудников компании. Авторы предлагают использовать данный метод для совершенствования компетенции анализа и систематизации знаний всех категорий работников предприятия. 
333 |a Режим доступа: по договору с организацией-держателем ресурса 
461 |t Инновации в образовании  |d 2000- 
463 |t № 6  |v [С. 101-107]  |d 2013 
610 1 |a электронный ресурс 
610 1 |a труды учёных ТПУ 
610 1 |a инновации 
610 1 |a компетенции 
610 1 |a ментальные карты 
610 1 |a корпоративное обучение 
700 1 |a Леонтьева  |b Е. Г.  |c специалист в области менеджмента  |c доцент Томского политехнического университета, кандидат философских наук  |f 1964-  |g Елена Геннадьевна  |3 (RuTPU)RU\TPU\pers\28593 
701 1 |a Тимкина  |b К. В. 
712 0 2 |a Национальный исследовательский Томский политехнический университет (ТПУ)  |b Институт социально-гуманитарных технологий (ИСГТ)  |b Кафедра инженерного предпринимательства (ИП)  |3 (RuTPU)RU\TPU\col\18857 
801 2 |a RU  |b 63413507  |c 20150217  |g RCR 
856 4 |u http://elibrary.ru/item.asp?id=19039850 
942 |c CF